000
00264nam a22001217a 4500
008
181015b xxu||||| |||| 00| 0 eng d
041
_a
eng
080
_a
316
100
_a
50
101
_a
SOC
245
_a
The Sociology Of Power
_c
Martin.R
942
_2
udc
_c
BK
999
_c
49716
_d
49716